| 000 | 00394nam a2200157Ia 4500 | ||
|---|---|---|---|
| 008 | 151213s9999 xx 000 0 und d | ||
| 020 | _a0-1404-5022 | ||
| 100 | _aBernard Shaw | ||
| 245 |
_aPygmalion A Romance In Five Acts _cBernard Shaw |
||
| 260 |
_aLondon _bPenguing Player _c1916 |
||
| 300 | _a9038 p. | ||
| 650 | _aEnglish | ||
| 650 | _aEnglish | ||
| 700 | _aBernard Shaw | ||
| 999 |
_c4696 _d4696 |
||